000 00433nam a22001457a 4500
008 230602b xxu||||| |||| 00| 0 eng d
020 _a9966918000
082 _a307.1
_bTEF
110 _bAFREPEN
245 _aEnergy For Rural Development in Ethiopia
_bPoceedings of a National Policy Seminar
260 _bAfrican Energy Policy Research Network
_c2001
300 _aIV,39p
440 _n11
_pAFREPEN Occasional Paper
942 _2ddc
_cBK
999 _c205
_d205